00470nam a2200169Ia 4500003000400000005001700004008004100021020001400062040000700076041000800083082001900091100002200110245010200132260003600234300001700270365001300287OSt20230406095504.0210423s2007 xx 000 0 und d a749451580 cAL aeng a658.3 SHEH223 aSHERRARD (Harry). aHuman resources disputes and resolutions: the managers guide to employment headaches and the law. aNew DelhibKogan Page Ltdc2007 aviii,196bPB b295cINR